LIBRARY & INFORMATION CENTRE, KCAET, TAVANUR

ONLINE PUBLIC ACCESS CATALOGUE (OPAC)

Kerala Sahithya Charitram (Record no. 17738)

MARC details
000 -LEADER
fixed length control field 00376nam a22001337a 4500
003 - CONTROL NUMBER IDENTIFIER
control field OSt
008 - FIXED-LENGTH DATA ELEMENTS--GENERAL INFORMATION
fixed length control field 231012b |||||||| |||| 00| 0 eng d
041 ## - LANGUAGE CODE
Language code of text/sound track or separate title mal
082 ## - DEWEY DECIMAL CLASSIFICATION NUMBER
Classification number 894.81209
Item number ULL
100 ## - MAIN ENTRY--AUTHOR NAME
Personal name Ulloor S Parameeswara Aiyer
245 ## - TITLE STATEMENT
Title Kerala Sahithya Charitram
260 ## - PUBLICATION, DISTRIBUTION, ETC. (IMPRINT)
Place of publication Thiruvanandhapuram
Name of publisher Superintendent, Department University of Kerala
Year of publication 1964
942 ## - ADDED ENTRY ELEMENTS (KOHA)
Koha item type Books
Holdings
Withdrawn status Lost status Damaged status Home library Current library Date acquired Full call number Accession Number Koha item type
Withdrawn     KAUAET Malayalam University 12/10/2023 894.81209 ULL 9365 Books
free website counter